Kvetena

Bibliographic Details
Main Authors: Košťál, Jaroslav, 1968- (Author, Photographer), Ondrejka, Kliment (Author, Compiler)
Other Authors: Kollár, Daniel, 1963- (Compiler), Kollárová, Kamila (Cartographer)
Format: Book
Language:Slovak
PhysicalDescription:127 s. fareb. fotogr. 24 cm
Published: Bratislava Dajama 2010
ISBN:9788089226931
Edition:1. vyd.
Series:Prírodné krásy Slovenska
Subjects:

MARC

LEADER 00000cam a2200000 a 4500
001 vtls010192414
003 SK-MaSNL
005 20260426015145.0
008 180809s2010 xo o f 001 0 slo
015 |a SNBA2013 
020 |a 9788089226931  |q (brož.) 
035 |a 57CCBA32-FE5F-4C67-A717-DF880DBDDB74 
035 |a urn:nbn:sk:snk-amkyst 
035 |a urn:nbn:sk:snk-am008pq6 
040 |a SNK  |b slo  |c SNK  |e AACR2 
041 0 |a slo 
044 |a xo  |c SK 
072 7 |a 58  |x Botanika  |2 konspekt 
080 |a 581.9  |2 2001 
080 |a 582.099  |2 2001 
080 |a (048.8)  |2 2001 
080 |a (084.12)  |2 2001 
100 1 |a Košťál, Jaroslav,  |d 1968-  |4 aut  |4 pht  |9 105404 
245 1 0 |a Kvetena  |c Jaroslav Košťál ; editor: Daniel Kollár ; [fotografie autor ; mapy Kamila Kollárová] 
250 |a 1. vyd. 
260 |a Bratislava  |b Dajama  |c 2010 
300 |a 127 s.  |b fareb. fotogr.  |c 24 cm 
490 1 |a Prírodné krásy Slovenska 
504 |a Bibliogr. s. 126 
650 0 7 |a flóra  |2 SNKPH  |9 85117 
650 0 7 |a kvitnúce rastliny  |2 SNKPH  |9 236521 
650 0 7 |a Flowering plants  |2 SNKPHeng  |9 331375 
650 0 7 |a Plants  |2 SNKPHeng  |9 296405 
651 7 |a Slovensko  |2 SNKPH  |9 14231 
651 7 |a Slovakia  |2 SNKPHeng  |9 92630 
655 7 |a prehľady  |2 SNKPH  |9 70194 
655 7 |a fotografické publikácie  |2 SNKPH  |9 70483 
655 7 |a Surveys  |2 SNKPHeng  |9 266058 
655 7 |a Photographical works  |2 SNKPHeng  |9 278887 
700 1 |a Ondrejka, Kliment  |4 aut  |4 com  |9 275643 
700 1 |a Kollár, Daniel,  |d 1963-  |4 com  |9 99818 
700 1 |a Kollárová, Kamila  |4 ctg  |9 542658 
830 0 |a Prírodné krásy Slovenska  |9 323226 
919 |a 978-80-89226-93-1 
958 |a NB 
999 |c 1177968  |d 1179898 
952 |a SNK  |b SNK  |y PREZ  |7 0  |p 17A1061691  |o snkSC 152902  |i snk2013/2041  |8 0  |0 0  |1 0  |4 0  |d 2013-01-28  |f 1  |l 0  |r 2025-07-23 00:00:00  |w 2026-02-24 
952 |a SNK  |b SNK  |y VYP  |7 0  |p 17A1061697  |o snkSC 152902 D1  |i snk2013/2042  |8 0  |0 0  |1 0  |4 0  |d 2013-01-28  |l 0  |r 2026-02-24 21:28:14  |w 2026-02-24